De quel pays vient ce fromage ? - Statistiques

Statistiques générales
  • Ce quiz a été pris 192 fois
    90 depuis la dernière actualisation
  • Le résultat moyen est 99 sur 120
Statistiques - réponses
Fromage Pays % Correct
Abondance | Bergues | Cabécou | +4 others France
99%
Allgäuer emmentaler | Andechser | Butterkäse | +4 others Allemagne
97%
Bocconcini | Castelmagno | Fiore sardo | +4 others Italie
97%
Appenzeller | Arpitan | Boule de Belp | +4 others Suisse
96%
Cabrales | Idiazabal | Manchego | +4 others Espagne
93%
Applewood | Caboc | Cheddar | +5 others Royaume-Uni
92%
Colby | Kunik | Monterey Jack | Red Hawk Etats-Unis
91%
Kostroma | Pochekhonié | Tvorog Russie
89%
Beemster | Edam | Gouda | Maasdam Pays-Bas
88%
Ambiorix | Boulette de Huy | Bouquet des moines | +5 others Belgique
86%
Féta | Kasseri | Kopanisti Grèce
85%
Azetlao | Nisa | Pico | +2 others Portugal
85%
Canastra | Catupiry Brésil
80%
Bleu bénédictin | Cantonnier | Cendrillon | +3 others Canada
78%
Kachkéis | Roude Bouf Luxembourg
78%
Vorarlberger Autriche
77%
Adelost | Herrgardsost | Koggost | Vasterbottensol Suède
77%
Ardrahan | Dubliner | Durrus Irlande
76%
Bryndza | Oscypek | Redykolka Pologne
76%
Brunost | Jarisberg Norvège
74%
Cremoso | Quesillo Argentine
72%
Aura Finlande
70%
Danablu | Esrom | Tybo Danemark
68%
Balaton | Lajta | Monastor | Teasajt Hongrie
68%
Deep Blue | Epicure | Watsonia | Yuulong Lavender Australie
66%
Nasal | Penteleu | Urda Roumanie
64%
Kalari | Panir Inde
58%
Bryndza | Liptauer | Parenica Slovaquie
51%
Ancash | Cusco Pérou
50%
Halloumi Chypre
46%
Chenklich | Keckek Liban
41%
Aucun quiz correspondant
Distribution des résultats
% des personnes avec chaque résultat
Percentile par nombre de réponses
Votre historique - résultats
Vous n’avez pas pris ce quiz depuis la dernière actualisation